00642nam a22002057a 450000500170000001000150001702000260003203500140005803700090007208200110008110000180009224500730011025000060018326000580018927001270024730000190037449000100039350000060040370000270040920240215125745.0 aENG-139261 a9789356062283c730.00 aEN-122793 bDBAD a54026 aSinghal, A.K. aObjective Chemistry for Neet 2023/cBy A.K. Singhal and U.K. Singhal a6 aUttar PradeshbPearson India Education Servicesc2022 a15th Flooor, Tower-B, World Trade Tower, Plot No. 1, Block-C, Sector-16bNoidae201301mcompanysecretary.india@pearson.com avp.c25cm(pbk) aVol 2 a  aSinghal, U.K. eAuthor